|
|
|
|
| LEADER |
01397nam a2200349Ia 4500 |
| 001 |
EBC3050649 |
| 003 |
MiAaPQ |
| 005 |
20200520144314.0 |
| 006 |
m o d | |
| 007 |
cr cn||||||||| |
| 008 |
031107s2004 dcu sb i000 0 eng d |
| 020 |
|
|
|z 0821356712
|
| 035 |
|
|
|a (MiAaPQ)EBC3050649
|
| 035 |
|
|
|a (Au-PeEL)EBL3050649
|
| 035 |
|
|
|a (CaPaEBR)ebr10048620
|
| 035 |
|
|
|a (CaONFJC)MIL8508
|
| 035 |
|
|
|a (OCoLC)495528405
|
| 040 |
|
|
|a MiAaPQ
|c MiAaPQ
|d MiAaPQ
|
| 050 |
|
4 |
|a HE8467
|b .M6313 2004
|
| 082 |
0 |
4 |
|a 384.6/4
|2 22
|
| 130 |
0 |
|
|a Modele de determination des tarifs d'interconnexion.
|l English.
|
| 245 |
1 |
2 |
|a A model for calculating interconnection costs in telecommunications
|h [electronic resource] /
|c edited by ... [Paul Noumba Um].
|
| 260 |
|
|
|a Washington, DC :
|b World Bank,
|c 2004.
|
| 300 |
|
|
|a x, 81 p.
|
| 504 |
|
|
|a Includes bibliographical references.
|
| 533 |
|
|
|a Electronic reproduction. Ann Arbor, MI : ProQuest, 2015. Available via World Wide Web. Access may be limited to ProQuest affiliated libraries.
|
| 650 |
|
0 |
|a Telecommunication
|x Rates
|z Africa, Sub-Saharan
|x Mathematical models.
|
| 650 |
|
0 |
|a Telecommunication
|z Africa, Sub-Saharan
|x Costs
|x Mathematical models.
|
| 655 |
|
4 |
|a Electronic books.
|
| 700 |
1 |
|
|a Noumba Um, Paul.
|
| 710 |
2 |
|
|a ProQuest (Firm)
|
| 856 |
4 |
0 |
|u https://ebookcentral.proquest.com/lib/matrademy/detail.action?docID=3050649
|z Click to View
|